| 000 | 00961nam0a22002531 4500 | ||
|---|---|---|---|
| 001 | rc\2926088 | ||
| 005 | 20110816182021.4 | ||
| 035 | _a(NLR Aleph) 007075884 | ||
| 090 |
_a6427161 _c6427161 |
||
| 100 | _a20110816d1937 |||y0rusy50 ca | ||
| 101 | 0 | _arus | |
| 102 | _aRU | ||
| 105 | _ay z ||||| | ||
| 200 | 1 |
_aОпыт изучения свойств серума кожи под влиянием ультра-фиолетовых облучений _fДоц. И.И. Шиманко и Л.Г. Прессер |
|
| 210 |
_a[Москва] _a[Ленинград] _cБ. и. _d[1937] |
||
| 215 | _aС. 50-53 | ||
| 300 | _aВырез. из: Теория и практика физиотерапии. [Сб. ст.]. М.-Л., 1937, с. 50-53 | ||
| 700 | 1 |
_aШиманко _bИ. И. _f1887- _gИсаак Ильич |
|
| 701 | 1 |
_aПрессер _bЛ. Г. |
|
| 801 | 0 |
_aRU _bNLR _gpsbo |
|
| 801 | 1 |
_aRU _bELAR _2rusmarc |
|
| 852 |
_aNLR _j37-12/1044 |
||
| 942 | _cBOOK | ||
| 980 | _aNB | ||